000 00338nam a2200145Ia 4500
008 150201s2005 xx 000 0 und d
082 _a618
_bG2005P
100 _aPADUBIDRI V.G.
245 _aTEXT BOOK OF GYNACOLOGY
250 _a13TH
260 _bELSEVIER
_aDELHI
_c2005
300 _a1-480
650 _aGYNAECOLOGY
942 _2ddc
_cBK
999 _c3906
_d3906